Southville International School and Colleges
Your cart is empty.
  • Cart
  • Lists
    Public lists Eva Luna New books Lux_list list_1
    Your lists Log in to create your own lists
  • Log in to your account
  • Your cookies
  • Search history
Southville International School and Colleges
  • Advanced search
  • Recent comments
  • Most popular
  • Libraries

Log in to your account

Log in with GOOGLE


If you do not have an external account, but do have a local account, you can still log in:

  1. Home
  2. MARC view: Always on :
Normal view MARC view ISBD view

Always on : (Record no. 23563)

[ view plain ]
MARC details
000 -LEADER
fixed length control field 00636nam a2200217 a 4500
005 - DATE AND TIME OF LATEST TRANSACTION
control field 20140310183455.0
008 - FIXED-LENGTH DATA ELEMENTS--GENERAL INFORMATION
fixed length control field 090806s19uu xx 00 eng d
020 ## - INTERNATIONAL STANDARD BOOK NUMBER
International Standard Book Number 0071508285
050 ## - LIBRARY OF CONGRESS CALL NUMBER
Classification number HF 5415.1265
Item number .V65 2008
100 ## - MAIN ENTRY--PERSONAL NAME
Personal name Vollmer, Christopher
245 ## - TITLE STATEMENT
Title Always on :
Remainder of title advertising, marketing, and media in an era of consumer control.
260 ## - PUBLICATION, DISTRIBUTION, ETC. (IMPRINT)
Place of publication, distribution, etc New York :
Name of publisher, distributor, etc McGraw-Hill,
Date of publication, distribution, etc 2008.
300 ## - PHYSICAL DESCRIPTION
Extent 215 p. :
Other physical details col. ill. ;
Dimensions 21 cm.
521 ## - TARGET AUDIENCE NOTE
Target audience note
546 ## - LANGUAGE NOTE
Language note C10510
650 ## - SUBJECT ADDED ENTRY--TOPICAL TERM
Topical term or geographic name as entry element Advertising.
650 ## - SUBJECT ADDED ENTRY--TOPICAL TERM
Topical term or geographic name as entry element Marketing.
650 ## - SUBJECT ADDED ENTRY--TOPICAL TERM
Topical term or geographic name as entry element Media
General subdivision Consumer control.
700 ## - ADDED ENTRY--PERSONAL NAME
Personal name Precourt, Geofrrey
942 ## - ADDED ENTRY ELEMENTS (KOHA)
Koha item type Books
Source of classification or shelving scheme Library of Congress Classification
Call number prefix Foreign
Holdings
Withdrawn status Lost status Source of classification or shelving scheme Damaged status Home library Current library Shelving location Date acquired Total Checkouts Full call number Barcode Date last seen Copy number Price effective from Koha item type
    Library of Congress Classification   College Library College Library General Circulation Section 12/04/2013   HF 5415.1265 .V65 2008 C10510 05/15/2018 1 12/04/2013 Books

Always on :

APA

Vollmer C., Precourt G., . (2008). Always on. New York: McGraw-Hill.

Chicago

Vollmer Christopher, Precourt Geofrrey, . 2008. Always on. New York: McGraw-Hill.

Harvard

Vollmer C., Precourt G., . (2008). Always on. New York: McGraw-Hill.

MLA

Vollmer Christopher, Precourt Geofrrey, . Always on. New York: McGraw-Hill. 2008.

  • Place hold
  • Print
  • Cite
  • Add to your cart (remove)
  • Save record
    BIBTEX Dublin Core MARCXML MARC (non-Unicode/MARC-8) MARC (Unicode/UTF-8) MARC (Unicode/UTF-8, Standard) MODS (XML) RIS
  • More searches
    Search for this title in:
    Other Libraries (WorldCat) Other Databases (Google Scholar) Online Stores (Bookfinder.com) Open Library (openlibrary.org)

Exporting to Dublin Core...

SOUTHVILLE LIBRARY

Southville International School and Colleges Library

1281 Tropical Ave. Cor. Luxembourg St., BF Homes International, Las Pinas City

Tel. No. 8256374 / 252358 Loc. 117/146

Powered by Koha